Evaluación inicial de riesgos laborales por puesto de trabajo en las oficinas centrales de la Universidad de las Regiones Autónomas de la Costa Caribe Nicaragüense URACCAN ubicadas en el departamento de Managua

El presente estudio recoge toda la información referente a los riesgos laborales por puestos de trabajo en las oficinas centrales de la Universidad de las Regiones Autónomas de la Costa Caribe Nicaragüense (URACCAN) ubicada en el departamento de Managua y tiene por objeto la evaluación de los ri...

Full description

Bibliographic Details
Main Authors: Cuadra Reyes, Esther Nohemi, Navarro Matus, Katering Auxiliadora
Other Authors: Tutor: Calero López, Dora María
Format: Tesis Section = Libro
Language:Undetermined
Spanish
Published: Managua UNI 2022
Subjects:
LEADER 01470nam a2200265Ia 4500
008 240830s9999 xx 000 0 und d
040 |a BIBLIOTECA-RUPAP/ Mon 363.11 C961e 
041 |a spa 
082 |a Mon 363.11 C961e 
100 1 |a Cuadra Reyes, Esther Nohemi 
100 1 |b Navarro Matus, Katering Auxiliadora 
245 1 0 |a Evaluación inicial de riesgos laborales por puesto de trabajo en las oficinas centrales de la Universidad de las Regiones Autónomas de la Costa Caribe Nicaragüense URACCAN ubicadas en el departamento de Managua 
260 |a Managua  |b UNI  |c 2022 
300 |a 209 p. :il. 
500 |a Contiene: anexos y CD. 
502 |a Tesis (Ingeniero de Sistemas) - UNI, 2022. 
520 3 |a El presente estudio recoge toda la información referente a los riesgos laborales por puestos de trabajo en las oficinas centrales de la Universidad de las Regiones Autónomas de la Costa Caribe Nicaragüense (URACCAN) ubicada en el departamento de Managua y tiene por objeto la evaluación de los riesgos laborales por puesto de trabajos, a los cuales se encuentran expuestos los trabajadores con el fin de proponer medidas preventivas que disminuyan los accidentes de trabajo y enfermedades profesionales. 
650 7 |a EVALUACION DE RIESGOS 
650 7 |b  SEGURIDAD INDUSTRIAL 
650 7 |c  SALUD OCUPACIONAL 
650 7 |d ACCIDENTES LABORALES 
700 1 |a Tutor:  |b Calero López, Dora María 
942 |c BK  |2 ddc 
991 |a Tesis 
999 |c 27603